[Event "9. Lovsprings EMT Basis 1 1997"]
[Site "Ringsted"]
[Date "1997.03.14"]
[Round "1"]
[White "Aage, Bjarke Gadgaard"]
[Black "Christensen, Henrik"]
[Result "1-0"]
[WhiteElo "1787"]
[BlackElo "1841"]
[PlyCount "57"]
[EventDate "1997.??.??"]

1. d4 Nf6 2. c4 g6 3. Nc3 d5 4. cxd5 Nxd5 5. e4 Nxc3 6. bxc3 Bg7 7. Bc4 O-O 8.
Be3 c5 9. Ne2 Qc7 10. Qb3 a6 11. a4 Nc6 12. Rc1 Bd7 13. O-O Na5 14. Qa2 Nxc4
15. Qxc4 Qc6 16. d5 Qxa4 17. Qxc5 Qxe4 18. Ng3 Qh4 19. Rfd1 f5 20. Ne2 Bb5 21.
Nf4 Be5 22. g3 Qg4 23. Qxe7 Rae8 24. Qxb7 Bxf4 25. Bxf4 Be2 26. Re1 Bf3 27.
Rxe8 Rxe8 28. Bh6 Qh3 29. Qg7# 1-0

[Event "9. Lovsprings EMT Basis 1 1997"]
[Site "Ringsted"]
[Date "1997.03.14"]
[Round "1"]
[White "Eckert, Svend"]
[Black "Hansen, Jens Hjort"]
[Result "1/2-1/2"]
[WhiteElo "1725"]
[BlackElo "1823"]
[PlyCount "125"]
[EventDate "1997.??.??"]

1. d4 Nf6 2. Nf3 g6 3. e3 Bg7 4. Bd3 d6 5. c4 e6 6. Bd2 c5 7. Bc3 b6 8. d5 exd5
9. cxd5 O-O 10. O-O Re8 11. Re1 Ba6 12. e4 Bxd3 13. Qxd3 Nbd7 14. Nbd2 Qc7 15.
Rad1 a6 16. b3 b5 17. h3 c4 18. bxc4 Nc5 19. Qc2 bxc4 20. Bxf6 Bxf6 21. Qxc4
Rac8 22. Nd4 Qa5 23. Nc6 Qa3 24. Re3 Qb2 25. Re2 Qc3 26. Rc1 Qxc4 27. Rxc4 Nd7
28. f4 Nb6 29. Kf1 Nxc4 30. Nxc4 Be7 31. e5 dxe5 32. fxe5 Rc7 33. Nxe7+ Rcxe7
34. d6 Rb7 35. Na5 Rb6 36. Nc4 Rb5 37. Kf2 Rd8 38. g4 Kf8 39. Kf3 Ke8 40. Kf4
h6 41. h4 Kd7 42. h5 Ke6 43. hxg6 fxg6 44. Ke4 Rc8 45. Kd3 Rd5+ 46. Kc3 Rdc5
47. Re4 Rf8 48. Kd4 Rb5 49. a4 Rd5+ 50. Ke3 Rb8 51. Rf4 Rxe5+ 52. Nxe5 Kxe5 53.
d7 Ke6 54. Rd4 Rd8 55. Ke4 Rxd7 56. Rb4 Rd6 57. Rb8 Kf6 58. a5 Ke7 59. Rh8 g5
60. Ke5 Rc6 61. Kd5 Rf6 62. Rh7+ Kd8 63. Rh8+ 1/2-1/2

[Event "9. Lovsprings EMT Basis 1 1997"]
[Site "Ringsted"]
[Date "1997.03.14"]
[Round "1"]
[White "Hansen, Ove Frank"]
[Black "Jensen, Agner"]
[Result "1/2-1/2"]
[WhiteElo "1888"]
[BlackElo "1732"]
[PlyCount "95"]
[EventDate "1997.??.??"]

1. e4 c6 2. d4 d5 3. Nc3 dxe4 4. Nxe4 Nd7 5. Bd3 Ngf6 6. f3 e6 7. Qe2 Nxe4 8.
fxe4 Nf6 9. Nf3 c5 10. Be3 cxd4 11. Bxd4 Be7 12. Bb5+ Bd7 13. Bxf6 Qa5+ 14. Bc3
Qxb5 15. Qxb5 Bxb5 16. O-O-O O-O 17. Rd2 Rfd8 18. Rhd1 Rxd2 19. Rxd2 Rd8 20.
Rxd8+ Bxd8 21. Kd2 Bf1 22. g3 Bg2 23. Ke3 f6 24. Bd4 a6 25. Nd2 e5 26. Bc5 b6
27. Bd6 Kf7 28. c4 Ke6 29. c5 Kd7 30. b4 bxc5 31. Bxc5 Kc6 32. Kd3 Bh3 33. a3
Kb5 34. Kc3 Be6 35. Nb3 g6 36. Be3 Be7 37. Nc5 Bxc5 38. Bxc5 f5 39. Bd6 fxe4
40. Bxe5 Ka4 41. Kd4 Kxa3 42. Bd6 Kb3 43. Kxe4 Kc4 44. Ke5 Bf5 45. Kf4 Kd5 46.
Bf8 h5 47. Bg7 Ke6 48. Ke3 1/2-1/2

[Event "9. Lovsprings EMT Basis 1 1997"]
[Site "Ringsted"]
[Date "1997.03.14"]
[Round "1"]
[White "Jensen, Karsten"]
[Black "Jorgensen, Lars"]
[Result "1-0"]
[WhiteElo "1761"]
[BlackElo "1816"]
[PlyCount "63"]
[EventDate "1997.??.??"]

1. d4 d5 2. c4 e5 3. cxd5 Qxd5 4. Nf3 Nc6 5. Nc3 Bb4 6. Bd2 Bxc3 7. Bxc3 e4 8.
Ne5 Nxe5 9. dxe5 Ne7 10. e3 Qxd1+ 11. Rxd1 Be6 12. a3 O-O 13. Rd4 Nc6 14. Rxe4
Rad8 15. Bc4 Bf5 16. Rf4 Bd3 17. f3 g5 18. Rg4 h6 19. h4 Bxc4 20. hxg5 Be6 21.
Rg3 Ne7 22. gxh6+ Kh8 23. h7 Nf5 24. Rg5 Nxe3 25. Ke2 Nd5 26. Bd2 c5 27. Rg3
Ne7 28. Bg5 Bc4+ 29. Ke1 Nd5 30. Bh6 Rg8 31. hxg8=Q+ Rxg8 32. Bf8# 1-0

[Event "9. Lovsprings EMT Basis 1 1997"]
[Site "Ringsted"]
[Date "1997.03.14"]
[Round "1"]
[White "Jorgensen, Mikkel"]
[Black "Mortensen, Martin Lind"]
[Result "0-1"]
[WhiteElo "1715"]
[BlackElo "1765"]
[PlyCount "50"]
[EventDate "1997.??.??"]

1. d4 Nf6 2. c4 g6 3. Nc3 d5 4. cxd5 Nxd5 5. e4 Nxc3 6. bxc3 Bg7 7. f4 c5 8.
Nf3 O-O 9. e5 cxd4 10. cxd4 Be6 11. Be2 Nc6 12. O-O Qa5 13. Be3 Rfd8 14. Qb1
Bd5 15. Rd1 Rac8 16. f5 Qb4 17. Qd3 Bxf3 18. Bxf3 Nxe5 19. Qe4 Nxf3+ 20. gxf3
b6 21. fxg6 hxg6 22. Kg2 Rc4 23. Qb7 Rc2+ 24. Kh3 Qd6 25. f4 Qe6+ 0-1

[Event "9. Lovsprings EMT Basis 1 1997"]
[Site "Ringsted"]
[Date "1997.03.14"]
[Round "1"]
[White "Mott, Jens"]
[Black "Rasmussen, Henning"]
[Result "0-1"]
[WhiteElo "1799"]
[BlackElo "1849"]
[PlyCount "58"]
[EventDate "1997.??.??"]

1. e4 e6 2. d4 d5 3. Nc3 Nf6 4. e5 Nfd7 5. Nce2 c5 6. c3 Nc6 7. f4 Qb6 8. Nf3
Be7 9. g3 f5 10. exf6 Nxf6 11. Ne5 cxd4 12. Nxc6 bxc6 13. Nxd4 O-O 14. Qb3 c5
15. Qxb6 axb6 16. Nc6 Bd6 17. Be3 Bb7 18. Bb5 Rfc8 19. Nd4 cxd4 20. Bxd4 Bc6
21. Bd3 Bc5 22. b3 Bxd4 23. cxd4 Bd7 24. O-O Rc3 25. Rfd1 Rac8 26. h3 Ne4 27.
Kg2 b5 28. Kf3 b4 29. Rab1 Bb5 0-1

[Event "9. Lovsprings EMT Basis 1 1997"]
[Site "Ringsted"]
[Date "1997.03.14"]
[Round "1"]
[White "Olsen, Morten Henrik"]
[Black "Ulstrup, Benny"]
[Result "0-1"]
[WhiteElo "1848"]
[BlackElo "1768"]
[PlyCount "96"]
[EventDate "1997.??.??"]

1. e4 d5 2. exd5 Qxd5 3. Qf3 Qxf3 4. Nxf3 Bf5 5. Bb5+ c6 6. Ba4 Nf6 7. d3 e6 8.
O-O Bd6 9. Nbd2 Nbd7 10. Re1 O-O 11. Nh4 Bg6 12. Nxg6 hxg6 13. Nf3 Nc5 14. Bb3
Nxb3 15. axb3 Nd5 16. Bd2 Bb4 17. c3 Bd6 18. g3 a6 19. Ra4 Rfd8 20. Kg2 Nf6 21.
c4 Bc5 22. b4 Bd4 23. c5 Bxb2 24. Rb1 Bd4 25. b5 Bxc5 26. d4 cxb5 27. dxc5 bxa4
28. Rxb7 Rac8 29. Ba5 Re8 30. Bb4 Rb8 31. Rb6 Nd5 32. Rxa6 Rxb4 33. c6 Rb6 34.
Ra7 Rxc6 35. Ne5 Rc7 36. Rxa4 Rb8 37. h4 Kh7 38. Nf3 f6 39. Ra6 Rb6 40. Ra8 e5
41. g4 Nf4+ 42. Kg3 Rc3 43. g5 Rbb3 44. gxf6 gxf6 45. Ra7+ Kh6 46. Ra8 Rxf3+
47. Kh2 Rh3+ 48. Kg1 Rb1# 0-1

[Event "9. Lovsprings EMT Basis 1 1997"]
[Site "Ringsted"]
[Date "1997.03.21"]
[Round "2"]
[White "Christensen, Henrik"]
[Black "Mott, Jens"]
[Result "0-1"]
[WhiteElo "1841"]
[BlackElo "1799"]
[PlyCount "76"]
[EventDate "1997.??.??"]

1. d4 e6 2. c4 d5 3. Nc3 Nf6 4. Nf3 c6 5. e3 Bd6 6. Bd3 O-O 7. e4 dxe4 8. Nxe4
Nxe4 9. Bxe4 Nd7 10. O-O Qc7 11. Bg5 f6 12. Bh4 Rd8 13. Qb3 Nf8 14. Rac1 Bf4
15. Rc2 g5 16. Bg3 g4 17. d5 gxf3 18. Qxf3 Be5 19. dxc6 bxc6 20. Bxc6 Rb8 21.
Re1 Bxg3 22. hxg3 f5 23. g4 Rb6 24. Bb5 Rxb5 25. cxb5 Qxc2 26. gxf5 Qxf5 27.
Qg3+ Ng6 28. Qc7 Rf8 29. Qxa7 Qxb5 30. Qd4 Qa5 31. Rc1 Qg5 32. Rc7 Nf4 33. Qe4
Nh3+ 34. Kh2 Qf4+ 35. Qxf4 Nxf4 36. b4 Nd5 37. Rc4 Bd7 38. a3 Rxf2 0-1

[Event "9. Lovsprings EMT Basis 1 1997"]
[Site "Ringsted"]
[Date "1997.03.21"]
[Round "2"]
[White "Hansen, Jens Hjort"]
[Black "Hansen, Ove Frank"]
[Result "1-0"]
[WhiteElo "1823"]
[BlackElo "1888"]
[PlyCount "75"]
[EventDate "1997.??.??"]

1. e4 e5 2. Nf3 Nc6 3. d4 exd4 4. Bc4 Qf6 5. O-O Bc5 6. e5 Qf5 7. Re1 Qh5 8. c3
dxc3 9. Nxc3 Nge7 10. Ne4 Bb4 11. Ng3 Qg4 12. Re4 Nxe5 13. Rxg4 Nxg4 14. Bxf7+
Kxf7 15. Qb3+ d5 16. Qxb4 Re8 17. Bg5 Ng6 18. h3 N4e5 19. Nxe5+ Rxe5 20. Be3 b6
21. Qb3 c5 22. f4 c4 23. Qc3 Re7 24. Bd4 Nxf4 25. Rf1 g5 26. Nh5 Ke8 27. Nxf4
gxf4 28. Rxf4 Be6 29. Bxb6 Kd7 30. Bc5 Ree8 31. Qe5 Kc6 32. Qd6+ Kb7 33. Bd4
Rac8 34. Qb4+ Ka8 35. Rf3 Rcd8 36. Qc5 Rd7 37. Ra3 Ree7 38. Qc8# 1-0

[Event "9. Lovsprings EMT Basis 1 1997"]
[Site "Ringsted"]
[Date "1997.03.21"]
[Round "2"]
[White "Jensen, Agner"]
[Black "Rasmussen, Henning"]
[Result "1/2-1/2"]
[WhiteElo "1732"]
[BlackElo "1849"]
[PlyCount "70"]
[EventDate "1997.??.??"]

1. d4 Nf6 2. Nf3 e6 3. Bf4 d5 4. e3 c5 5. c3 Nc6 6. Bb5 Bd7 7. O-O Be7 8. h3
O-O 9. Nbd2 a6 10. Bd3 Rc8 11. Re1 b5 12. dxc5 Bxc5 13. Nb3 Be7 14. Ne5 Nxe5
15. Bxe5 Bc6 16. Nd4 Bd6 17. Bxd6 Qxd6 18. a3 Bd7 19. Qf3 e5 20. Qg3 Qe7 21.
Ne2 Rfe8 22. Rad1 a5 23. b4 axb4 24. axb4 Ra8 25. Ra1 Bc6 26. f4 exf4 27. exf4
Ne4 28. Qe3 Qb7 29. Qc1 Rxa1 30. Qxa1 Ra8 31. Qb2 Nf6 32. Nd4 Re8 33. Rxe8+
Bxe8 34. Qe2 Qa7 35. Kh2 Qc7 1/2-1/2

[Event "9. Lovsprings EMT Basis 1 1997"]
[Site "Ringsted"]
[Date "1997.03.21"]
[Round "2"]
[White "Jorgensen, Lars"]
[Black "Olsen, Morten Henrik"]
[Result "1/2-1/2"]
[WhiteElo "1816"]
[BlackElo "1848"]
[PlyCount "66"]
[EventDate "1997.??.??"]

1. e4 c6 2. Nf3 d5 3. Nc3 dxe4 4. Nxe4 Nf6 5. Nxf6+ gxf6 6. Bc4 Bf5 7. d4 Nd7
8. Bf4 Qb6 9. Bb3 a5 10. Nh4 Bg6 11. Nxg6 hxg6 12. c3 a4 13. Bc2 Qxb2 14. O-O
Qxc3 15. Bxa4 Qa5 16. Bb3 Bh6 17. Bg3 Rd8 18. Re1 Nb6 19. Bc7 Rd7 20. Bxf7+
Kxf7 21. Qb3+ Rd5 22. Bxb6 Qa6 23. Bc5 Bf8 24. Qd3 e5 25. Bxf8 Kxf8 26. dxe5
Rxe5 27. Qg3 Qa5 28. Rxe5 Qxe5 29. Qxe5 fxe5 30. Re1 Rh5 31. f3 Rf5 32. Re4 Ke7
33. Kf2 Kd6 1/2-1/2

[Event "9. Lovsprings EMT Basis 1 1997"]
[Site "Ringsted"]
[Date "1997.03.21"]
[Round "2"]
[White "Jorgensen, Mikkel"]
[Black "Eckert, Svend"]
[Result "1/2-1/2"]
[WhiteElo "1715"]
[BlackElo "1725"]
[PlyCount "128"]
[EventDate "1997.??.??"]

1. d4 c6 2. c4 d5 3. Nc3 Nf6 4. Nf3 Ne4 5. cxd5 cxd5 6. Bf4 Nc6 7. e3 e6 8. a3
Qa5 9. Qc1 Bd7 10. Bd3 Nxc3 11. bxc3 f6 12. O-O Rc8 13. Qb2 Nd8 14. Rfc1 Be7
15. c4 Rc6 16. cxd5 exd5 17. Rxc6 Bxc6 18. Qc2 Ne6 19. Bg3 Kf7 20. Bxh7 Nf8 21.
Bd3 g6 22. Nh4 Rh6 23. Nf3 Qd8 24. Qb3 Kg7 25. Qc2 Bd6 26. Bxd6 Qxd6 27. e4 Ne6
28. e5 fxe5 29. dxe5 Qf8 30. Qd2 Nf4 31. Ng5 Kh8 32. Bc2 d4 33. e6 Qf6 34. Nf7+
Kg7 35. Nxh6 d3 36. Re1 Qg5 37. Qc3+ Qf6 38. Qxf6+ Kxf6 39. Ng4+ Ke7 40. Bd1
Nxg2 41. Re5 Nh4 42. Re3 Bb5 43. Ne5 Nf5 44. Nxg6+ Kf6 45. Re5 Be8 46. Rd5 Bxg6
47. Rxd3 Kxe6 48. Bb3+ Ke7 49. Bd5 b6 50. Bc6 Nd6 51. Re3+ Kf6 52. Rh3 Nc4 53.
Bb5 Ne5 54. Rc3 Be4 55. h3 Nf3+ 56. Kf1 Kg5 57. Rc7 a5 58. Re7 Kf4 59. Re6 Nd4
60. Rxb6 Nxb5 61. Ra6 Nxa3 62. Rxa5 Nb1 63. Ra4 Kf3 64. Ra8 Bxa8 1/2-1/2

[Event "9. Lovsprings EMT Basis 1 1997"]
[Site "Ringsted"]
[Date "1997.03.21"]
[Round "2"]
[White "Mortensen, Martin Lind"]
[Black "Jensen, Karsten"]
[Result "1/2-1/2"]
[WhiteElo "1765"]
[BlackElo "1761"]
[PlyCount "86"]
[EventDate "1997.??.??"]

1. e4 c5 2. Nf3 e6 3. d4 cxd4 4. Nxd4 a6 5. Nc3 Qc7 6. g3 Be7 7. Bg2 Nf6 8. O-O
d6 9. Re1 Nbd7 10. f4 O-O 11. Kh1 Nb6 12. e5 Nfd5 13. Nf5 dxe5 14. Nxd5 Nxd5
15. Nxe7+ Nxe7 16. Rxe5 Rd8 17. Qe2 Bd7 18. Be3 Bc6 19. c3 Bxg2+ 20. Qxg2 Rd5
21. Rxd5 Nxd5 22. Bd4 Qc6 23. Re1 Qa4 24. Qe4 Qxa2 25. Qe5 Nf6 26. Qe2 Qd5+ 27.
Kg1 Ne8 28. Rd1 Rd8 29. Rd2 Qa5 30. Qd1 b5 31. Be5 Rxd2 32. Qxd2 Qb6+ 33. Kf1
Kf8 34. Qd7 f6 35. Bd4 Qd6 36. Qc8 Kf7 37. Qb7+ Kg6 38. Qe4+ f5 39. Qe2 Nf6 40.
Qf3 Nd5 41. Qd3 h5 42. b4 Qc6 43. Kf2 Nb6 1/2-1/2

[Event "9. Lovsprings EMT Basis 1 1997"]
[Site "Ringsted"]
[Date "1997.03.21"]
[Round "2"]
[White "Ulstrup, Benny"]
[Black "Aage, Bjarke Gadgaard"]
[Result "0-1"]
[WhiteElo "1768"]
[BlackElo "1787"]
[PlyCount "92"]
[EventDate "1997.??.??"]

1. e4 Nf6 2. e5 Nd5 3. Nc3 Nxc3 4. dxc3 d5 5. Nf3 Bg4 6. Bf4 e6 7. Be2 Bc5 8.
h3 Bh5 9. Qd3 c6 10. O-O Nd7 11. Bg3 Qc7 12. Rfe1 f6 13. Nd4 Bxe2 14. Rxe2 Bxd4
15. cxd4 f5 16. Bf4 c5 17. c3 Rc8 18. Rc1 Qa5 19. Qg3 O-O 20. b3 Kh8 21. dxc5
Nxc5 22. Qe3 Qa6 23. Rd2 Rc6 24. c4 Ne4 25. Rdc2 dxc4 26. Rxc4 Rxc4 27. Rxc4 b6
28. Rc6 Qb7 29. Rxe6 Qd7 30. Rd6 Nxd6 31. exd6 Re8 32. Be5 Qe6 33. Bf4 Qxe3 34.
fxe3 h6 35. h4 Kh7 36. Kf2 Kg6 37. Ke2 Kh5 38. Kd3 g5 39. hxg5 hxg5 40. Bh2 Kg6
41. Kd4 Kf6 42. Kd5 Rxe3 43. Kc6 Ke6 44. Kb7 Re2 45. Kc8 Rc2+ 46. Kd8 Rxg2 0-1

[Event "9. Lovsprings EMT Basis 1 1997"]
[Site "Ringsted"]
[Date "1997.04.04"]
[Round "3"]
[White "Eckert, Svend"]
[Black "Jensen, Agner"]
[Result "1-0"]
[WhiteElo "1725"]
[BlackElo "1732"]
[PlyCount "49"]
[EventDate "1997.??.??"]

1. d4 d5 2. Nf3 Nf6 3. e3 e6 4. Bd3 Be7 5. O-O O-O 6. Nbd2 c5 7. c3 Re8 8. Re1
Nbd7 9. e4 dxe4 10. Nxe4 cxd4 11. Nxd4 Nxe4 12. Bxe4 Nf6 13. Bc2 Qd5 14. Be3 b6
15. Bb3 Qd6 16. Qf3 Bd7 17. Rad1 Qc7 18. Bf4 Qc8 19. Be5 a6 20. Bc2 Qc5 21. Qh3
h6 22. Rd3 Kh8 23. Rf3 Nh7 24. Qxh6 Qxe5 25. Qxh7# 1-0

[Event "9. Lovsprings EMT Basis 1 1997"]
[Site "Ringsted"]
[Date "1997.04.04"]
[Round "3"]
[White "Hansen, Ove Frank"]
[Black "Mott, Jens"]
[Result "1-0"]
[WhiteElo "1888"]
[BlackElo "1799"]
[PlyCount "81"]
[EventDate "1997.??.??"]

1. e4 e6 2. d4 d5 3. exd5 exd5 4. c4 Nf6 5. Nc3 Bb4 6. Bd3 O-O 7. Nge2 dxc4 8.
Bxc4 a6 9. O-O b5 10. Bd3 Re8 11. Bg5 Bb7 12. Qc2 h6 13. Bh4 Nbd7 14. a4 bxa4
15. Nxa4 Be7 16. Nc5 Nxc5 17. dxc5 Nd5 18. Bxe7 Rxe7 19. Bc4 Nb4 20. Qb3 a5 21.
Rfd1 Qc8 22. Rd4 Ba6 23. Ng3 Nc6 24. Rf4 Qe8 25. h3 Rb8 26. Qc3 Bxc4 27. Nf5
Re5 28. Qxc4 Rb4 29. Qc1 Rxf5 30. Rxf5 Nd4 31. Qb1 Nxf5 32. Qxf5 Rxb2 33. Kh2
Rb5 34. Rd1 g6 35. Qf6 Rb8 36. c6 Kh7 37. Rd7 Kg8 38. Rxc7 Rb6 39. Re7 Qb8+ 40.
g3 Qf8 41. Rd7 1-0

[Event "9. Lovsprings EMT Basis 1 1997"]
[Site "Ringsted"]
[Date "1997.04.04"]
[Round "3"]
[White "Mortensen, Martin Lind"]
[Black "Aage, Bjarke Gadgaard"]
[Result "1/2-1/2"]
[WhiteElo "1765"]
[BlackElo "1787"]
[PlyCount "33"]
[EventDate "1997.??.??"]

1. e4 e5 2. Bc4 Bc5 3. c3 Nc6 4. d4 exd4 5. Bxf7+ Kxf7 6. Qh5+ g6 7. Qxc5 d6 8.
Qb5 Qe7 9. f3 a6 10. Qd3 d5 11. Ne2 dxe4 12. fxe4 Nf6 13. O-O dxc3 14. Nbxc3
Kg7 15. Bg5 Qc5+ 16. Be3 Qe7 17. Bg5 1/2-1/2

[Event "9. Lovsprings EMT Basis 1 1997"]
[Site "Ringsted"]
[Date "1997.04.04"]
[Round "3"]
[White "Olsen, Morten Henrik"]
[Black "Christensen, Henrik"]
[Result "0-1"]
[WhiteElo "1848"]
[BlackElo "1841"]
[PlyCount "48"]
[EventDate "1997.??.??"]

1. e4 Nf6 2. Nc3 d6 3. d4 Nbd7 4. Bg5 e5 5. Nf3 c6 6. dxe5 dxe5 7. Bc4 Qa5 8.
O-O Bb4 9. Bd2 Qc5 10. Qe2 b5 11. Bb3 a5 12. a3 Bxc3 13. Bxc3 O-O 14. Rfd1 Bb7
15. Rd2 b4 16. axb4 axb4 17. Rxa8 Rxa8 18. Rxd7 Nxd7 19. Be1 Ra1 20. Ng5 Ba6
21. Bxf7+ Kf8 22. Qd2 Qe7 23. h4 h6 24. Be6 Nf6 0-1

[Event "9. Lovsprings EMT Basis 1 1997"]
[Site "Ringsted"]
[Date "1997.04.04"]
[Round "3"]
[White "Rasmussen, Henning"]
[Black "Jensen, Karsten"]
[Result "1-0"]
[WhiteElo "1849"]
[BlackElo "1761"]
[PlyCount "54"]
[EventDate "1997.??.??"]

1. e4 c5 2. d4 cxd4 3. c3 dxc3 4. Nxc3 Nc6 5. Nf3 g6 6. Bc4 Bg7 7. O-O d6 8.
Qe2 Nf6 9. h3 O-O 10. Rd1 Nd7 11. Be3 Nde5 12. Nxe5 Nxe5 13. Bb3 Nc6 14. Rac1
Be6 15. Nd5 Rc8 16. Rc2 Bxd5 17. exd5 Na5 18. Ba4 Rxc2 19. Qxc2 Qc8 20. Rc1
Qxc2 21. Rxc2 b5 22. Bxb5 Rb8 23. b4 f5 24. Bd7 Nb7 25. Bxa7 Ra8 26. Rc8+ Rxc8
27. Bxc8 Nd8 1-0

[Event "9. Lovsprings EMT Basis 1 1997"]
[Site "Ringsted"]
[Date "1997.04.04"]
[Round "3"]
[White "Ulstrup, Benny"]
[Black "Hansen, Jens Hjort"]
[Result "1/2-1/2"]
[WhiteElo "1768"]
[BlackElo "1823"]
[PlyCount "42"]
[EventDate "1997.??.??"]

1. e4 e5 2. Nf3 Nc6 3. Bb5 g6 4. Bxc6 dxc6 5. d3 Bc5 6. Qe2 Qe7 7. Be3 Bg4 8.
Bxc5 Qxc5 9. Nc3 O-O-O 10. O-O-O f6 11. Rde1 Nh6 12. Qe3 Qxe3+ 13. Rxe3 Nf7 14.
h3 Bxf3 15. Rxf3 Ng5 16. Re3 Ne6 17. Ne2 Rd7 18. g3 Rhd8 19. f4 Rf8 20. Rf1
exf4 21. gxf4 c5 1/2-1/2

[Event "9. Lovsprings EMT Basis 1 1997"]
[Site "Ringsted"]
[Date "1997.04.11"]
[Round "4"]
[White "Christensen, Henrik"]
[Black "Jorgensen, Lars"]
[Result "1/2-1/2"]
[WhiteElo "1841"]
[BlackElo "1816"]
[PlyCount "63"]
[EventDate "1997.??.??"]

1. e4 c5 2. Nf3 e6 3. d4 cxd4 4. Nxd4 Nf6 5. Nc3 Bb4 6. f3 d5 7. e5 Nfd7 8. Bb5
O-O 9. f4 a6 10. Bd3 Qb6 11. Nf3 f6 12. Bd2 Nc5 13. g4 fxe5 14. fxe5 Nxd3+ 15.
cxd3 Nd7 16. Qe2 Nc5 17. d4 Bxc3 18. Bxc3 Ne4 19. O-O Bd7 20. Qe3 Bb5 21. Rfc1
Rf7 22. Rc2 Raf8 23. Ng5 Rf1+ 24. Rxf1 Rxf1+ 25. Kg2 Nxg5 26. Qxg5 Qc7 27. h4
h6 28. Qg6 Qc8 29. Bb4 Qd7 30. Bd6 Rf7 31. Rc7 Qe8 32. Rxf7 1/2-1/2

[Event "9. Lovsprings EMT Basis 1 1997"]
[Site "Ringsted"]
[Date "1997.04.11"]
[Round "4"]
[White "Hansen, Jens Hjort"]
[Black "Mortensen, Martin Lind"]
[Result "0-1"]
[WhiteElo "1823"]
[BlackElo "1765"]
[PlyCount "84"]
[EventDate "1997.??.??"]

1. d4 Nf6 2. c4 g6 3. Nc3 d5 4. cxd5 Nxd5 5. e4 Nxc3 6. bxc3 Bg7 7. Bc4 c5 8.
Ne2 O-O 9. O-O cxd4 10. cxd4 Nc6 11. Be3 Bg4 12. f3 Na5 13. Bd3 Be6 14. d5 Bxa1
15. Qxa1 f6 16. Rb1 b6 17. Nd4 Bd7 18. Ba6 Qb8 19. Bh6 Rd8 20. a4 Qd6 21. Rc1
e5 22. dxe6 Bxe6 23. Nb5 Qe7 24. Rc7 Rd7 25. Qc3 Rxc7 26. Qxc7 Re8 27. Bd2 Nb3
28. Bc3 Nc5 29. Qf4 Nxa6 30. Bxf6 Rf8 31. e5 Qc5+ 32. Nd4 Nc7 33. h3 Nd5 34.
Qh4 Nxf6 35. exf6 Qe5 36. f7+ Bxf7 37. Nc6 Qc5+ 38. Nd4 Qc1+ 39. Kh2 Qc7+ 40.
f4 Qd6 41. Nf3 Bd5 42. Ng5 Qf6 0-1

[Event "9. Lovsprings EMT Basis 1 1997"]
[Site "Ringsted"]
[Date "1997.04.11"]
[Round "4"]
[White "Jensen, Agner"]
[Black "Jensen, Karsten"]
[Result "0-1"]
[WhiteElo "1732"]
[BlackElo "1761"]
[PlyCount "54"]
[EventDate "1997.??.??"]

1. d4 f5 2. Nf3 g6 3. e3 Bg7 4. Bc4 d5 5. Bb3 Nf6 6. c4 e6 7. O-O O-O 8. Nc3
Nc6 9. cxd5 exd5 10. Re1 Kh8 11. a4 b6 12. Bd2 Nb4 13. Qe2 c6 14. Rec1 Ba6 15.
Qd1 Nd3 16. Rcb1 Ne4 17. Be1 f4 18. Nxe4 dxe4 19. Nd2 fxe3 20. fxe3 Qg5 21. Nc4
Bxc4 22. Bxc4 Qxe3+ 23. Bf2 Rxf2 24. Kh1 Rd2 25. Qf1 Rf8 26. Bf7 Nf2+ 27. Kg1
Rxf7 0-1

[Event "9. Lovsprings EMT Basis 1 1997"]
[Site "Ringsted"]
[Date "1997.04.11"]
[Round "4"]
[White "Jorgensen, Mikkel"]
[Black "Hansen, Ove Frank"]
[Result "1/2-1/2"]
[WhiteElo "1715"]
[BlackElo "1888"]
[PlyCount "83"]
[EventDate "1997.??.??"]

1. d4 Nf6 2. c4 g6 3. Nc3 Bg7 4. e4 d6 5. f3 O-O 6. Be3 Nbd7 7. Nge2 e5 8. d5
Ne8 9. Qd2 Qe7 10. h4 f5 11. exf5 gxf5 12. Bg5 Bf6 13. Ng3 Bxg5 14. hxg5 Rf7
15. O-O-O Nf8 16. Bd3 Ng6 17. Nge2 Bd7 18. Rh6 c5 19. Rdh1 Nc7 20. g4 Raf8 21.
gxf5 Bxf5 22. Bxf5 Rxf5 23. Rxh7 Qxh7 24. Rxh7 Kxh7 25. Ne4 Ne8 26. Qe1 Kg7 27.
Qa5 Rxf3 28. Qxa7 R3f7 29. Qb6 Rd7 30. N2c3 Rf4 31. Qb5 Re7 32. a3 Nh4 33. b4
cxb4 34. axb4 Nf5 35. c5 Nd4 36. Qc4 Rd7 37. cxd6 Rff7 38. Qc8 Nxd6 39. Nxd6
Rxd6 40. Qg4 Kg6 41. Qe4+ Rf5 42. Kd2 1/2-1/2

[Event "9. Lovsprings EMT Basis 1 1997"]
[Site "Ringsted"]
[Date "1997.04.11"]
[Round "4"]
[White "Mott, Jens"]
[Black "Olsen, Morten Henrik"]
[Result "1-0"]
[WhiteElo "1799"]
[BlackElo "1848"]
[PlyCount "53"]
[EventDate "1997.??.??"]

1. Nf3 Nf6 2. c4 e6 3. b3 c5 4. Bb2 d5 5. e3 Bd6 6. cxd5 exd5 7. d4 cxd4 8.
Qxd4 Nc6 9. Bb5 Bd7 10. Bxc6 bxc6 11. O-O Qb6 12. Ne5 Qxd4 13. Bxd4 a5 14. Nxd7
Kxd7 15. Bxf6 gxf6 16. Nc3 f5 17. Na4 Rag8 18. Rac1 Rg4 19. Nb6+ Kc7 20. Nxd5+
Kb7 21. Nc3 Rhg8 22. g3 h5 23. Rfd1 R8g6 24. Ne2 h4 25. Rc2 hxg3 26. hxg3 Rh4
27. Rxd6 1-0

[Event "9. Lovsprings EMT Basis 1 1997"]
[Site "Ringsted"]
[Date "1997.04.11"]
[Round "4"]
[White "Rasmussen, Henning"]
[Black "Aage, Bjarke Gadgaard"]
[Result "1-0"]
[WhiteElo "1849"]
[BlackElo "1787"]
[PlyCount "87"]
[EventDate "1997.??.??"]

1. e4 Nf6 2. e5 Nd5 3. d4 d6 4. Nf3 Bg4 5. Be2 e6 6. O-O Nc6 7. c4 Nb6 8. exd6
cxd6 9. b3 d5 10. c5 Nd7 11. Na3 Qf6 12. Nc2 h6 13. b4 a6 14. Be3 g5 15. Qd2
Bg7 16. a4 Bf5 17. b5 Ne7 18. bxa6 bxa6 19. Nb4 g4 20. Ne5 Nxe5 21. dxe5 Qxe5
22. Nxa6 Ng6 23. Bb5+ Kf8 24. Rad1 Be4 25. f3 gxf3 26. gxf3 Bc2 27. Qxc2 Qxe3+
28. Qf2 Qc3 29. c6 Nf4 30. Kh1 d4 31. Rc1 Qa5 32. c7 Ke7 33. Qh4+ Bf6 34. Qxf4
Bg5 35. Qe4 Bxc1 36. Rxc1 Qd2 37. Qc2 Qf4 38. Qc5+ Kf6 39. Qc6 Rhg8 40. Nb8 Qd2
41. Nd7+ Kg5 42. Rg1+ Kh4 43. Qe4+ Kh3 44. Bf1+ 1-0

[Event "9. Lovsprings EMT Basis 1 1997"]
[Site "Ringsted"]
[Date "1997.04.11"]
[Round "4"]
[White "Ulstrup, Benny"]
[Black "Eckert, Svend"]
[Result "1-0"]
[WhiteElo "1768"]
[BlackElo "1725"]
[PlyCount "85"]
[EventDate "1997.??.??"]

1. e4 c5 2. Nf3 Nc6 3. d4 cxd4 4. Nxd4 d6 5. Nc3 e6 6. Be2 Be7 7. O-O Nf6 8.
Be3 O-O 9. Nb3 Bd7 10. f4 Rc8 11. Bf3 Ne8 12. Ne2 a6 13. a4 Na5 14. Nxa5 Qxa5
15. c3 Bc6 16. b4 Qd8 17. Qd3 Qd7 18. Qd1 Nf6 19. Qc2 Qc7 20. Rfc1 d5 21. e5
Ne4 22. Nd4 b5 23. axb5 axb5 24. Ra5 Qb7 25. Qd3 Bd8 26. Nxc6 Qxc6 27. Rxb5 Qc4
28. Qxc4 Rxc4 29. Bxe4 Rxe4 30. Bc5 Re8 31. Rb8 f6 32. Ra1 Kf7 33. Raa8 fxe5
34. Rxd8 Rxd8 35. Rxd8 exf4 36. Rd7+ Kg6 37. b5 Re1+ 38. Kf2 Rb1 39. b6 Kf6 40.
Bb4 Ke5 41. b7 Ke4 42. b8=Q Rb2+ 43. Ke1 1-0

[Event "9. Lovsprings EMT Basis 1 1997"]
[Site "Ringsted"]
[Date "1997.04.18"]
[Round "5"]
[White "Christensen, Henrik"]
[Black "Eckert, Svend"]
[Result "1/2-1/2"]
[WhiteElo "1841"]
[BlackElo "1725"]
[PlyCount "85"]
[EventDate "1997.??.??"]

1. d4 Nf6 2. c4 e5 3. e3 exd4 4. exd4 Bb4+ 5. Nc3 O-O 6. Bd3 Re8+ 7. Nge2 d5 8.
O-O Nc6 9. c5 Bxc3 10. bxc3 b6 11. cxb6 axb6 12. Qc2 Ba6 13. Bg5 Bxd3 14. Qxd3
h6 15. Bh4 Re4 16. Bxf6 Qxf6 17. Ng3 Re6 18. Rfe1 Rxa2 19. Rxa2 Rxe1+ 20. Nf1
Na5 21. f3 g6 22. Kf2 Re6 23. g3 Nc4 24. Re2 b5 25. Ne3 Kg7 26. Nxd5 Rxe2+ 27.
Qxe2 Qd6 28. Ne3 Nxe3 29. Qxe3 c6 30. Qe4 Qa3 31. Qxc6 Qb2+ 32. Ke3 Qc1+ 33.
Kd3 Qd1+ 34. Ke4 Qc2+ 35. Kd5 Qxh2 36. Qxb5 Qxg3 37. Qe2 h5 38. Qe5+ Qxe5+ 39.
Kxe5 f6+ 40. Kf4 Kf7 41. d5 Ke7 42. c4 Kd6 43. Kg3 1/2-1/2